Most Streamed Monthly Artists on Spotify - Statistics

General Stats
  • This quiz has been taken 31 times
    8 since last reset
  • The average score is 9 of 15
Answer Stats
# of Monthly Listeners
(In Millions)
Artist % Correct
100 Billie Eilish
88%
80.3 Drake
88%
82.4 Taylor Swift
88%
115.9 The Weeknd
88%
144.8 The Weeknd
88%
86.9 Kendrick Lamar
75%
80.7 Ariana Grande
63%
121.2 Bruno Mars
63%
80.7 Justin Bieber
63%
84 Bad Bunny
50%
90.3 Ed Sheeran
50%
91.7 Coldplay
38%
78 Sza
25%
78.6 David Guetta
13%
93.7 Rihana
0%
No matching quizzes found
Score Distribution
Percent of People with Each Score
Percentile by Number Answered
Your Score History
You have not taken this quiz since the last reset